Sobre la perspectiva (Record no. 164490)

MARC details
000 -LEADER
campo de control de longitud fija 00775nam a22001935i 4500
001 - NÚMERO DE CONTROL
campo de control 164490
003 - IDENTIFICADOR DE NÚMERO DE CONTROL
campo de control ES-MaACL
005 - FECHA Y HORA DE LA ÚLTIMA TRANSACCIÓN
campo de control 20250815063239.0
008 - DATOS DE LONGITUD FIJA--INFORMACIÓN GENERAL
campo de control de longitud fija 950206s1897 sp d |||| | spa d
040 ## - FUENTE DE CATALOGACIÓN
Centro catalogador/agencia de origen CLM
Lengua de catalogación spa
Centro/agencia transcriptor CCPB | PA2
100 1# - ENTRADA PRINCIPAL--NOMBRE DE PERSONA
Nombre de persona Salvador y Rodrigáñez, Amós,
Fechas asociadas al nombre 1845-1922
9 (RLIN) 102102
245 10 - MENCIÓN DEL TÍTULO
Título Sobre la perspectiva
Resto del título : conferencias explicadas en el Círculo de Bellas Artes por su presidente /
Mención de responsabilidad, etc. Amós Salvador.
260 ## - PUBLICACIÓN, DISTRIBUCIÓN, ETC.
Lugar de publicación, distribución, etc. Madrid :
Nombre del editor, distribuidor, etc. [s.n.],
Fecha de publicación, distribución, etc. 1897 (
Fabricante Establecimiento Tipográfico de G. Juste)
300 ## - DESCRIPCIÓN FÍSICA
Extensión 139 p., XVI h. de lám. ;
Dimensiones 26 cm.
599 #1 - NOTA A LAS ILUSTRACIONES
NOTA A LAS ILUSTRACIONES Las h. de lam., son gráficos : "Lit.-Mendez- Isabel la Católica 25. Madrid"
650 04 - PUNTO DE ACCESO ADICIONAL DE MATERIA--TÉRMINO DE MATERIA
Término de materia o nombre geográfico como elemento de entrada Perspectiva.
9 (RLIN) 15981
852 ## - LOCALIZACIÓN
Ubicación ES-MaACL
Número de control de estantería A-102
Nota libre -- Enc. tela
Holdings
Estatus retirado Estado de pérdida Estado de daño No para préstamo Colección Biblioteca de origen Biblioteca actual Ubicación en estantería Fecha de adquisición Fuente de adquisición Total de préstamos Signatura topográfica completa Código de barras Visto por última vez Precio de reemplazo Tipo de ítem Koha
        Libros del s. XIX Biblioteca del Ateneo de Madrid Biblioteca del Ateneo de Madrid Sala Pecera Planta 1 17/01/2008     A-102 1172423 23/02/2023 23/02/2023 Libro impreso antiguo